Tilastot visalle I:llä alkavat valtiot

Klikkaa tästä pelataksesi tätä visaa!

Yleistilastot

  • Tätä visaa on pelattu 1 626 kertaa
  • Keskiarvotulos 8 / 10

Vastaustilastot

Valtio% Oikein
Irlanti
95%
Islanti
89%
Intia
83%
Italia
82%
Indonesia
80%
Iran
78%
Irak
77%
Israel
66%
Itä-Timor
62%
Itävalta
58%

Tulosjakauma

Persentiili vastausten määrän mukaan

Jokaisen tuloksen saaneiden osuus

Tuloshistoriasi

Et ole pelannut tätä visaa